| 000 | 00635nam a22001937a 4500 | ||
|---|---|---|---|
| 005 | 20251108164338.0 | ||
| 008 | 250721s1996 xx 000 0 ara d | ||
| 082 | 1 | 4 | _a410/عما |
| 100 | 1 | _aعمايرة، إسماعيل أحمد | |
| 245 | 1 | 0 | _aبحوث في الإستشراق و اللغة / |
| 264 | 1 |
_aبيروت : _bمؤسسة الرسالة للطباعة والنشر والتوزيع، _c1996. |
|
| 300 | _a451ص. | ||
| 650 | 1 | 7 | _aاللغة العربية |
| 650 | 1 | 7 | _aقواعد اللغة |
| 650 | 1 | 7 | _aعلم الصرف |
| 650 | 1 | 7 | _aالإستشراق و المستشرقون |
| 942 |
_2ddc _cBK |
||
| 999 |
_c9899 _d9899 |
||